| 000 | 00772nac a22002291u 4500 | ||
|---|---|---|---|
| 010 | _a010905154 | ||
| 020 | _a0826457614 (cased) | ||
| 022 | _a0826448267 (pbk.) | ||
| 082 |
_a647.94068 _bBAL. |
||
| 090 |
_c5336 _d5336 |
||
| 100 | _aBall, Stephen. | ||
| 245 |
_aHospitality operations : a systems approach / _cStephen Ball...[et.al] |
||
| 260 |
_aLondon : _bContinuum, c.2003. _cc.2003. |
||
| 300 |
_aviii, 255 p. : _bill. ; _c25 cm. |
||
| 500 | _aDistributer : Al Ahram. | ||
| 504 | _aIncludes bibliographical references and indexes. | ||
| 511 | _aCatalogued By : Mahitab | ||
| 650 | _aHospitality industry -- Management. | ||
| 650 | _aSystem theory. | ||
| 700 |
_aJones, Peter, _c1951- |
||
| 942 |
_cBB _k647.94068 BAL. |
||
| 999 |
_c5336 _d5336 |
||